[Event "Reykjavik Kvika op"]
[Site "Reykjavik"]
[Date "2022.04.06"]
[Round "1"]
[White "Skahlberg Bjerknes, Lima De Faria"]
[Black "Brynjarsson, Orvar Holm"]
[Result "1-0"]
[WhiteElo "1813"]
[BlackElo "1211"]
[PlyCount "35"]
[EventDate "2022.04.06"]
[EventType "swiss"]
[EventRounds "9"]
[EventCountry "ISL"]
[SourceTitle "CBM 207 Extra"]
[Source "ChessBase"]
[SourceDate "2022.05.31"]
[SourceVersion "1"]
[SourceVersionDate "2022.05.31"]
[SourceQuality "1"]

1. c4 e6 2. Nf3 Nf6 3. g3 d5 4. Bg2 c5 5. cxd5 exd5 6. d4 Nc6 7. 0-0 Be6 8. Nc3 a6 9. Bg5 b5 10. dxc5 Bxc5 11. Bxf6 gxf6 12. e4 d4 13. Nd5 f5 14. Nf4 fxe4 15. Nxe6 fxe6 16. Nd2 e5 17. Rc1 Qd6 18. Nxe4 1-0

[Event "Uppsala Young Champions 8th"]
[Site "Uppsala"]
[Date "2021.11.02"]
[Round "7"]
[White "Skahlberg Bjerknes, Lima De Faria"]
[Black "Seo, Jung Hyun"]
[Result "0-1"]
[WhiteElo "1826"]
[BlackElo "1961"]
[PlyCount "76"]
[EventDate "2021.10.29"]
[EventType "swiss"]
[EventRounds "9"]
[EventCountry "SWE"]
[SourceTitle "CBM 205 Extra"]
[Source "ChessBase"]
[SourceDate "2022.01.31"]
[SourceVersion "1"]
[SourceVersionDate "2022.01.31"]
[SourceQuality "1"]

1. c4 e6 2. Nf3 Nf6 3. g3 d5 4. b3 d4 5. d3 Nc6 6. Bg2 Bc5 7. 0-0 0-0 8. Nbd2 e5 9. a3 a5 10. Rb1 Qe7 11. b4 axb4 12. axb4 Bxb4 13. Qb3 Bc3 14. Bb2 Na5 15. Qc2 Bxb2 16. Qxb2 Bd7 17. Qb4 Qxb4 18. Rxb4 Rfe8 19. Ng5 Ra7 20. Ra1 Rea8 21. Rab1 Rb8 22. Nb3 b6 23. c5 Nc6 24. cxb6 Rxb6 25. Rxb6 cxb6 26. Nd2 Ra6 27. h3 h6 28. Ngf3 Be6 29. Rc1 b5 30. Rc5 b4 31. Nxe5 Nxe5 32. Rxe5 Rb6 33. Ra5 b3 34. Ra1 b2 35. Re1 Ra6 36. Kf1 Ra1 37. Be4 Nxe4 38. dxe4 Bxh3+ 0-1

[Event "Uppsala Young Champions 8th"]
[Site "Uppsala"]
[Date "2021.10.29"]
[Round "1"]
[White "Trost, Edvin"]
[Black "Skahlberg Bjerknes, Lima De Faria"]
[Result "1-0"]
[WhiteElo "2297"]
[BlackElo "1826"]
[PlyCount "83"]
[EventDate "2021.10.29"]
[EventType "swiss"]
[EventRounds "9"]
[EventCountry "SWE"]
[SourceTitle "CBM 205 Extra"]
[Source "ChessBase"]
[SourceDate "2022.01.31"]
[SourceVersion "1"]
[SourceVersionDate "2022.01.31"]
[SourceQuality "1"]

1. d4 Nf6 2. c4 c5 3. d5 b5 4. cxb5 a6 5. bxa6 g6 6. Nc3 Bxa6 7. Nf3 d6 8. g3 Bg7 9. Bg2 0-0 10. Rb1 Nbd7 11. 0-0 Qa5 12. Qc2 Nb6 13. Rd1 Bb7 14. e4 Nfd7 15. Bd2 Nc4 16. Be1 Ba6 17. Na4 Qc7 18. Bc3 Nde5 19. Nxe5 Nxe5 20. f4 Bd3 21. Rxd3 Nxd3 22. Qxd3 Rxa4 23. e5 Rxa2 24. Re1 Qa7 25. Qe2 Ra1 26. h4 Rxe1+ 27. Qxe1 Ra8 28. Kh2 Kf8 29. Qe2 Qa6 30. Qg4 Qb7 31. h5 Qc8 32. Qh4 Qf5 33. h6 Bh8 34. exd6 Bxc3 35. Qxe7+ Kg8 36. d7 Bg7 37. Qe8+ Bf8 38. Qxa8 Qxd7 39. b3 f5 40. d6 Qxd6 41. Bd5+ Kh8 42. Qa1+ 1-0

[Event "Uppsala Young Champions 7th"]
[Site "Uppsala"]
[Date "2020.10.28"]
[Round "8"]
[White "Skahlberg Bjerknes, Lima De Faria"]
[Black "Ostensson, Julia"]
[Result "1-0"]
[WhiteElo "1759"]
[BlackElo "1562"]
[PlyCount "87"]
[EventDate "2020.10.23"]
[EventType "swiss"]
[EventRounds "9"]
[EventCountry "SWE"]
[SourceTitle "CBM 199 Extra"]
[Source "ChessBase"]
[SourceDate "2021.01.31"]
[SourceVersion "1"]
[SourceVersionDate "2021.01.31"]
[SourceQuality "1"]

1. c4 g6 2. g3 Nf6 3. Bg2 Bg7 4. Nc3 0-0 5. e3 e5 6. Nge2 d6 7. 0-0 Nc6 8. d4 Nh5 9. b3 f5 10. dxe5 dxe5 11. Bd5+ Kh8 12. Ba3 Ne7 13. Bg2 Bd7 14. Nd5 Rf7 15. Bxe7 Rxe7 16. Nxe7 Qxe7 17. Bxb7 Rf8 18. Bh1 f4 19. exf4 exf4 20. Rc1 Bh3 21. Re1 Qg5 22. Qd3 Be5 23. Nc3 fxg3 24. hxg3 Qf6 25. Ne4 Qb6 26. c5 Qa5 27. Ng5 Bf5 28. Qd5 Bf6 29. Ne4 Rd8 30. Qc4 Bg7 31. b4 Qa3 32. Re3 Qb2 33. Ng5 Rf8 34. Rce1 Qf6 35. Nf3 Bg4 36. Qxg4 Bh6 37. Re6 Qc3 38. Qd4+ Qxd4 39. Nxd4 Bd2 40. R1e2 Bxb4 41. Re8 Bxc5 42. Rxf8+ Bxf8 43. Re8 Kg7 44. Ne6+ 1-0

[Event "Uppsala Young Champions 7th"]
[Site "Uppsala"]
[Date "2020.10.26"]
[Round "5"]
[White "Skahlberg Bjerknes, Lima De Faria"]
[Black "Muntean, Victor"]
[Result "0-1"]
[WhiteElo "1759"]
[BlackElo "1968"]
[PlyCount "70"]
[EventDate "2020.10.23"]
[EventType "swiss"]
[EventRounds "9"]
[EventCountry "SWE"]
[SourceTitle "CBM 199 Extra"]
[Source "ChessBase"]
[SourceDate "2021.01.31"]
[SourceVersion "1"]
[SourceVersionDate "2021.01.31"]
[SourceQuality "1"]

1. c4 Nf6 2. Nf3 g6 3. g3 Bg7 4. Bg2 0-0 5. 0-0 d6 6. Nc3 Nc6 7. d3 a6 8. Rb1 Rb8 9. b4 b5 10. cxb5 axb5 11. a4 bxa4 12. Qxa4 Bd7 13. b5 Ra8 14. Qc2 Na7 15. Be3 c5 16. bxc6 Bxc6 17. Rfc1 Qd7 18. Qd2 Ng4 19. Bd4 Bh6 20. e3 e5 21. Bb6 Nc8 22. Ne2 Ra6 23. Ba5 Qa7 24. d4 Qa8 25. h3 Nf6 26. Bb4 Bxf3 27. Bxf3 Qxf3 28. dxe5 Ne4 29. Qe1 Bxe3 30. fxe3 Qxe3+ 31. Kg2 Ra2 32. Kf1 Qf3+ 33. Kg1 Rxe2 34. Qf1 Qxg3+ 35. Kh1 Rh2# 0-1

[Event "Uppsala Young Champions 7th"]
[Site "Uppsala"]
[Date "2020.10.25"]
[Round "4"]
[White "Grahn, Vidar"]
[Black "Skahlberg Bjerknes, Lima De Faria"]
[Result "1/2-1/2"]
[WhiteElo "1864"]
[BlackElo "1759"]
[PlyCount "145"]
[EventDate "2020.10.23"]
[EventType "swiss"]
[EventRounds "9"]
[EventCountry "SWE"]
[SourceTitle "CBM 199 Extra"]
[Source "ChessBase"]
[SourceDate "2021.01.31"]
[SourceVersion "1"]
[SourceVersionDate "2021.01.31"]
[SourceQuality "1"]

1. e4 c5 2. Nf3 g6 3. d4 cxd4 4. Nxd4 Nc6 5. Nc3 Bg7 6. Be3 Nf6 7. Bc4 Qa5 8. 0-0 0-0 9. Bb3 d6 10. f3 Bd7 11. Qd2 Rfc8 12. Rad1 Ne5 13. Bh6 Qd8 14. Bxg7 Kxg7 15. Qe2 a6 16. Nd5 Nxd5 17. Bxd5 Rab8 18. h3 Qb6 19. Kh1 Qxb2 20. f4 Nc6 21. Bxc6 Bxc6 22. f5 Bb5 23. Nxb5 Qxb5 24. Qf2 Qc5 25. Qf3 f6 26. h4 Qxc2 27. fxg6 hxg6 28. e5 Qf5 29. exf6+ exf6 30. Qg3 Qe5 31. Qf2 Re8 32. Rde1 Qc3 33. Rc1 Qe5 34. Qa7 Qe7 35. Qd4 Rbc8 36. Rce1 Qf7 37. Rb1 Rc4 38. Qf2 b5 39. Rbd1 Re6 40. g3 Rce4 41. Qb6 d5 42. Qd8 d4 43. Rxd4 Re2 44. Rd7 Re7 45. Rfd1 Kh6 46. Qh8+ Qh7 47. Qxf6 Qg7 48. Qg5+ Kh7 49. Qg4 Qf6 50. Rxe7+ Rxe7 51. h5 gxh5 52. Qxh5+ Kg7 53. Qg4+ Qg6 54. Qxg6+ Kxg6 55. Rd6+ Kg5 56. Rxa6 Re5 57. Kg2 Kg4 58. Kf2 Rf5+ 59. Ke3 Kxg3 60. Kd4 Kf3 61. Kc3 Ke4 62. Kb4 Kd3 63. Ra5 Rf4+ 64. Kxb5 Rf5+ 65. Kb6 Rxa5 66. Kxa5 Kc4 67. a4 Kc5 68. Ka6 Kc6 69. a5 Kc7 70. Ka7 Kc8 71. a6 Kc7 72. Ka8 Kc8 73. a7 1/2-1/2

[Event "Uppsala Young Champions 7th"]
[Site "Uppsala"]
[Date "2020.10.24"]
[Round "3"]
[White "Olsson, William"]
[Black "Skahlberg Bjerknes, Lima De Faria"]
[Result "1-0"]
[WhiteElo "2192"]
[BlackElo "1759"]
[PlyCount "75"]
[EventDate "2020.10.23"]
[EventType "swiss"]
[EventRounds "9"]
[EventCountry "SWE"]
[SourceTitle "CBM 199 Extra"]
[Source "ChessBase"]
[SourceDate "2021.01.31"]
[SourceVersion "1"]
[SourceVersionDate "2021.01.31"]
[SourceQuality "1"]

1. c4 Nf6 2. Nc3 c5 3. g3 g6 4. Bg2 Nc6 5. e3 Bg7 6. Nge2 0-0 7. 0-0 d6 8. d4 Nd7 9. Rb1 cxd4 10. exd4 e5 11. d5 Ne7 12. Be3 f5 13. f4 a5 14. b3 b6 15. Kh1 Bb7 16. Qd2 Kh8 17. h3 Ng8 18. Kh2 Re8 19. Nb5 Nc5 20. Nec3 Rc8 21. a3 Nf6 22. Qa2 Qe7 23. b4 axb4 24. axb4 Ra8 25. Qc2 exf4 26. Bxf4 Nce4 27. Rbe1 Red8 28. Nxe4 Nxe4 29. Bxe4 fxe4 30. Rxe4 Qf7 31. Ree1 Qd7 32. Nxd6 Ba6 33. Rf2 g5 34. Be5 Rf8 35. Ref1 Rxf2+ 36. Rxf2 Bxe5 37. Rf7 Qxd6 38. Qxh7# 1-0

[Event "Uppsala Young Champions 7th"]
[Site "Uppsala"]
[Date "2020.10.23"]
[Round "1"]
[White "Nilsson, Joakim"]
[Black "Skahlberg Bjerknes, Lima De Faria"]
[Result "1-0"]
[WhiteElo "2224"]
[BlackElo "1759"]
[PlyCount "123"]
[EventDate "2020.10.23"]
[EventType "swiss"]
[EventRounds "9"]
[EventCountry "SWE"]
[SourceTitle "CBM 199 Extra"]
[Source "ChessBase"]
[SourceDate "2021.01.31"]
[SourceVersion "1"]
[SourceVersionDate "2021.01.31"]
[SourceQuality "1"]

1. Nf3 c5 2. e4 g6 3. c4 Nc6 4. Nc3 Bg7 5. d3 Nf6 6. Be2 0-0 7. 0-0 d6 8. h3 a6 9. Be3 Bd7 10. Qd2 Qa5 11. a3 Rfc8 12. b4 Qd8 13. bxc5 dxc5 14. Rab1 b6 15. Nd5 Rab8 16. Rfe1 e5 17. Bg5 Be6 18. Nh2 Nd4 19. Ng4 Nxe2+ 20. Qxe2 Bxg4 21. hxg4 Qd6 22. Bxf6 Bxf6 23. Rb3 Re8 24. Reb1 Bd8 25. Qe3 Kg7 26. g3 Rf8 27. Kg2 f5 28. gxf5 gxf5 29. exf5 Rxf5 30. Qe4 Qg6 31. a4 Rg5 32. a5 b5 33. cxb5 Bxa5 34. bxa6 Rxb3 35. Rxb3 Qxa6 36. Ne3 Qf6 37. Rb7+ Kf8 38. Qxh7 Bd8 39. Nd5 Qe6 40. Nc3 Rg8 41. Ne4 Qg6 42. Qd7 Qe8 43. Nxc5 Qxd7 44. Nxd7+ Ke7 45. Nxe5+ Ke6 46. f4 Bh4 47. g4 Be1 48. Kf3 Bc3 49. Rb5 Rd8 50. Ke4 Rd4+ 51. Ke3 Rd6 52. Nf3 Kf6 53. d4 Kg6 54. Ke4 Re6+ 55. Ne5+ Kg7 56. Rb7+ Kg8 57. f5 Rd6 58. Rd7 Rb6 59. g5 Rb1 60. f6 Rf1 61. Ng6 Bb4 62. Rg7# 1-0

[Event "Uppsala Young Champions"]
[Site "Uppsala"]
[Date "2018.10.31"]
[Round "8"]
[White "Skahlberg Bjerknes, Lima De Faria"]
[Black "Thorhallsson, Simon"]
[Result "0-1"]
[WhiteElo "1628"]
[BlackElo "2092"]
[PlyCount "64"]
[EventDate "2018.10.26"]
[EventType "swiss"]
[EventRounds "9"]
[EventCountry "SWE"]
[SourceTitle "CBM 187 Extra"]
[Source "ChessBase"]
[SourceDate "2018.11.04"]
[SourceVersion "1"]
[SourceVersionDate "2018.11.04"]
[SourceQuality "1"]

1. c4 Nf6 2. Nc3 g6 3. d4 d5 4. cxd5 Nxd5 5. e4 Nxc3 6. bxc3 Bg7 7. Nf3 c5 8. Be3 Nc6 9. Bb5 0-0 10. 0-0 cxd4 11. cxd4 Bg4 12. Bxc6 bxc6 13. Rc1 Rc8 14. d5 cxd5 15. Rxc8 Qxc8 16. exd5 Qa6 17. Bc5 Bf6 18. a3 Rc8 19. Bb4 Rd8 20. h3 Be6 21. Re1 Rxd5 22. Qc2 Qb7 23. Rc1 a5 24. Bc3 Bf5 25. Qa4 Bd7 26. Qe4 Bxc3 27. Qxe7 Bg7 28. Qd8+ Bf8 29. Rc7 Rd1+ 30. Kh2 Qxc7+ 31. Qxc7 Bd6+ 32. Qxd6 Rxd6 0-1

[Event "Uppsala Young Champions"]
[Site "Uppsala"]
[Date "2018.10.30"]
[Round "7"]
[White "Skahlberg Bjerknes, Lima De Faria"]
[Black "Colbow, Collin"]
[Result "1/2-1/2"]
[WhiteElo "1628"]
[BlackElo "2131"]
[PlyCount "87"]
[EventDate "2018.10.26"]
[EventType "swiss"]
[EventRounds "9"]
[EventCountry "SWE"]
[SourceTitle "CBM 187 Extra"]
[Source "ChessBase"]
[SourceDate "2018.11.04"]
[SourceVersion "1"]
[SourceVersionDate "2018.11.04"]
[SourceQuality "1"]

1. c4 c5 2. Nc3 Nc6 3. g3 g6 4. Bg2 Bg7 5. e3 d6 6. Nge2 Nf6 7. d4 Bd7 8. 0-0 Qc8 9. Re1 Bh3 10. Bh1 h5 11. b3 h4 12. Bb2 hxg3 13. hxg3 Qf5 14. Nf4 g5 15. Nxh3 Qxh3 16. Bxc6+ bxc6 17. Qf3 Qh2+ 18. Kf1 Qh1+ 19. Qxh1 Rxh1+ 20. Kg2 Rxe1 21. Rxe1 cxd4 22. exd4 Kd7 23. d5 cxd5 24. Nxd5 Nxd5 25. Bxg7 Nb4 26. a3 Nc6 27. Bc3 a5 28. Rb1 e5 29. Kf3 f5 30. Ke3 Ke6 31. b4 axb4 32. axb4 Ra3 33. Kd2 Ra2+ 34. Ke1 f4 35. gxf4 gxf4 36. b5 Nd8 37. Rb2 Rxb2 38. Bxb2 Nb7 39. Ke2 e4 40. Bc1 Ke5 41. Bb2+ Ke6 42. Bc1 Kf5 43. Bd2 Ke5 44. Bc3+ 1/2-1/2

[Event "Uppsala Young Champions"]
[Site "Uppsala"]
[Date "2018.10.27"]
[Round "2"]
[White "Skahlberg Bjerknes, Lima De Faria"]
[Black "Mitra, Akash"]
[Result "1/2-1/2"]
[WhiteElo "1628"]
[BlackElo "1848"]
[PlyCount "98"]
[EventDate "2018.10.26"]
[EventType "swiss"]
[EventRounds "9"]
[EventCountry "SWE"]
[SourceTitle "CBM 187 Extra"]
[Source "ChessBase"]
[SourceDate "2018.11.04"]
[SourceVersion "1"]
[SourceVersionDate "2018.11.04"]
[SourceQuality "1"]

1. c4 Nf6 2. Nc3 g6 3. d4 Bg7 4. e4 d6 5. Nf3 0-0 6. Bf4 Nbd7 7. Be2 c5 8. d5 Qa5 9. 0-0 Ng4 10. Bd2 a6 11. h3 Nge5 12. Nxe5 dxe5 13. a3 Qc7 14. b4 b6 15. Na4 Nf6 16. bxc5 bxc5 17. Qc2 Bd7 18. Nc3 e6 19. Rab1 Rab8 20. Rfc1 Rfc8 21. Qd3 Ne8 22. Rd1 Rxb1 23. Rxb1 Nd6 24. Rb2 Rb8 25. Qb1 Rxb2 26. Qxb2 f5 27. Bd3 f4 28. dxe6 Bxe6 29. Nd5 Bxd5 30. cxd5 c4 31. Bc2 Nb5 32. Bc3 h5 33. Ba4 Nd4 34. Bb4 Nb5 35. Qc1 Bf8 36. Bxf8 Kxf8 37. Bxb5 axb5 38. Qc3 Kf7 39. Kf1 g5 40. g3 Kf6 41. Ke2 Qc8 42. gxf4 gxf4 43. Qb4 Qc7 44. Qf8+ Kg5 45. Qf5+ Kh4 46. Qf6+ Kxh3 47. Qf5+ Kh4 48. Qf6+ Kh3 49. Qf5+ Kh4 1/2-1/2